[Event "Royal CC NED-GER Match"]
[Site "Venlo NED"]
[Date "2000.08.27"]
[Round "4"]
[White "Tiviakov,S"]
[Black "Huebner,R"]
[Result "1/2-1/2"]
[WhiteElo "2608"]
[BlackElo "2615"]

1.e4 e6 2.d4 d5 3.Nd2 c5 4.exd5 Qxd5 5.Ngf3 cxd4 6.Bc4 Qd6 7.O-O Nf6 8.Nb3 Nc6
9.Nbxd4 Nxd4 10.Nxd4 a6 11.Bb3 Qc7 12.c3 Bd6 13.h3 O-O 14.Bg5 Ne4 15.Be3 Bh2+
16.Kh1 Bf4 17.Qf3 Bxe3 18.Qxe3 Nf6 19.f4 b5 20.Rae1 Re8 21.Qe5 Qxe5 22.Rxe5 Bb7
23.f5 exf5 24.Rexf5 Rad8 25.Kh2 Bd5 26.Bxd5 Rxd5 27.Rxd5 Nxd5 28.Rf5 Nb6
29.Rc5 Rc8 30.Rxc8+ Nxc8 31.Nc6 Nb6 32.Nb4 a5 33.Nc6 Na4 34.Nxa5 Nxb2 35.Kg3 f6
36.Kf3 Na4 37.c4 bxc4 38.Nxc4 Kf7 39.Ke3 Ke6 40.Kd4 g5 41.Ne3 f5 42.Nd5 Kd6
43.Nc3 Nb6 44.a4 Nd7 45.a5 Kc6 46.Nd5 Kb5 47.Nb6 Nf8 48.Nc4 Ng6 49.Nd6+ Kxa5
50.Nxf5 Nf4 51.Ne3 Kb5 52.Ke4 Kc5 53.Kf5 h6 54.Kg4 Kd6 55.g3 h5+ 56.Kxg5 Nxh3+
57.Kxh5  1/2-1/2

[Event "34th Olympiad"]
[Site "Istanbul TUR"]
[Date "2000.10.28"]
[Round "1"]
[White "Alvarez,Joh"]
[Black "Tiviakov,S"]
[Result "0-1"]
[WhiteElo "2317"]
[BlackElo "2608"]

1.d4 Nf6 2.c4 e6 3.Nc3 Bb4 4.e3 O-O 5.Bd3 d5 6.Ne2 dxc4 7.Bxc4 e5 8.a3 Bd6
9.dxe5 Bxe5 10.Qxd8 Rxd8 11.O-O Nc6 12.e4 Nd4 13.Ng3 Nc2 14.Ra2 c6 15.Nce2 b5
16.Bb3 Nd4 17.Nxd4 Rxd4 18.a4 Ba6 19.Rd1 Ng4 20.Nh5 b4 21.a5 h6 22.Ra4 c5
23.h3 Nf6 24.Bc2 Bb5 25.Ra1 c4 26.Ba4 Ba6 27.Rb1 Bb7 28.Bd2 Bxe4 29.Rbc1 Bd3  0-1

[Event "34th Olympiad"]
[Site "Istanbul TUR"]
[Date "2000.10.29"]
[Round "2"]
[White "Hansen,LB"]
[Black "Tiviakov,S"]
[Result "1/2-1/2"]
[WhiteElo "2562"]
[BlackElo "2608"]

1.d4 Nf6 2.c4 e6 3.Nc3 Bb4 4.e3 O-O 5.Ne2 d5 6.a3 Be7 7.cxd5 Nxd5 8.Qc2 Nd7
9.Ng3 Nxc3 10.bxc3 c5 11.Bd3 Nf6 12.O-O Qc7 13.c4 h6 14.Bb2 Bd7 15.Rac1 Rfe8
16.Qe2 cxd4 17.exd4 Qf4 18.Bb1 Bd6 19.Rc3 Bc6 20.Re3 Kf8 21.Qd3 Qh4 22.h3 Bf4
23.Ree1 Qg5 24.Ba2 b5 25.d5 bxc4 26.Bxf6 gxf6 27.Bxc4 Bxd5 28.Bxd5 exd5 29.Nf5 Re5
30.g4 h5 31.Rd1 hxg4 32.hxg4 Rd8 33.Kg2 Ke8 34.Qe4 Rxe4 35.Rde1 Rxe1 36.Rxe1+ Be5
37.Kf3 Qe3+ 38.Rxe3 Rd7 39.Rd3 Bc7 40.Re3+ Kd8 41.Rd3 Ke8 42.Re3+ Kd8 43.Rd3  1/2-1/2

[Event "10th AKN Weekender"]
[Site "Haarlem NED"]
[Date "2001.07.07"]
[Round "3"]
[White "Tiviakov,S"]
[Black "Maahs,E"]
[Result "1-0"]
[WhiteElo "2618"]
[BlackElo "2202"]

1.e4 d5 2.exd5 Nf6 3.d4 Nxd5 4.c4 Nb6 5.Nf3 Bg4 6.Be2 e6 7.h3 Bh5 8.Nc3 Be7
9.Be3 O-O 10.g4 Bg6 11.h4 f5 12.h5 Be8 13.gxf5 exf5 14.c5 Nd5 15.Bc4 c6 16.Qb3 Na6
17.Nxd5 cxd5 18.Bxd5+ Kh8 19.Ne5 Nc7 20.Bf7 Bc6 21.O-O-O Bd5 22.Ng6+ hxg6
23.hxg6+ Bh4 24.Bxd5 Nxd5 25.Rh3 Re8 26.Rdh1 Re4 27.f4  1-0

[Event "10th AKN Weekender"]
[Site "Haarlem NED"]
[Date "2001.07.07"]
[Round "4"]
[White "Kopylov,M"]
[Black "Tiviakov,S"]
[Result "1/2-1/2"]
[WhiteElo "2449"]
[BlackElo "2618"]

1.d4 Nf6 2.c4 e6 3.g3 d5 4.Bg2 Bb4+ 5.Nd2 O-O 6.Nf3 dxc4 7.Qc2 c5 8.Qxc4 Nc6
9.dxc5 Qe7 10.O-O Bxc5 11.a3 e5 12.b4 Bd4 13.Nxd4 Nxd4 14.e3 Be6 15.Qd3 Bf5
16.Ne4 Bxe4 17.Bxe4 Ne2+ 18.Qxe2 Nxe4 19.Bb2 Nd6 20.b5 Rac8 21.a4 Qe6 22.Ba3 Rfd8
23.Bxd6 Rxd6  1/2-1/2

[Event "10th AKN Weekender"]
[Site "Haarlem NED"]
[Date "2001.07.08"]
[Round "5"]
[White "Tiviakov,S"]
[Black "Roobol,M"]
[Result "1-0"]
[WhiteElo "2618"]
[BlackElo "2261"]

1.e4 d6 2.d4 Nf6 3.Nc3 g6 4.Bg5 c6 5.Qd2 b5 6.Bd3 Nbd7 7.f4 Bg7 8.Nf3 Qb6
9.e5 b4 10.Ne2 Nd5 11.exd6 exd6 12.f5 N7f6 13.O-O O-O 14.Nf4 Bd7 15.Kh1 Rae8
16.Nxd5 Nxd5 17.Bh6 Qd8 18.a3 a5 19.axb4 axb4 20.fxg6 fxg6 21.Bc4 Be6 22.Ra6 Qd7
23.Bxg7 Kxg7 24.Rfa1 Re7 25.Bb3 Qb7 26.R6a4 Qb5 27.Re1 Rfe8 28.Raa1 Bg4 29.Rxe7+ Rxe7
30.Ng1 Nf6 31.Qf4 Ne4 32.Ra8 g5 33.Rg8+ Kh6 34.Qf8+ Kh5 35.Bf7+  1-0

[Event "Dutch Open"]
[Site "Dieren NED"]
[Date "2001.07.18"]
[Round "2"]
[White "Solleveld,Maa"]
[Black "Tiviakov,S"]
[Result "1/2-1/2"]
[WhiteElo "2427"]
[BlackElo "2618"]

1.e4 c5 2.Nf3 Nc6 3.d4 cxd4 4.Nxd4 Nf6 5.Nc3 g6 6.Nxc6 dxc6 7.Qxd8+ Kxd8
8.Bc4 Ke8 9.a4 e5 10.Be3 Bb4 11.f3 Ke7 12.Ke2 Be6 13.Bxe6 Kxe6 14.Na2 Be7
15.Nc1 Nd7 16.Nb3 h5 17.Rhd1 Rhd8 18.Rd3 b6 19.Rad1 f5 20.Bf2 Nf6 21.Rxd8 Bxd8
22.Bh4 fxe4 23.fxe4 Nd7 24.Bf2 Be7 25.Nd2 g5 26.Be3 Rg8 27.a5 g4  1/2-1/2

[Event "Dutch Open"]
[Site "Dieren NED"]
[Date "2001.07.20"]
[Round "4"]
[White "Muhren,W"]
[Black "Tiviakov,S"]
[Result "0-1"]
[WhiteElo "2215"]
[BlackElo "2618"]

1.e4 c5 2.d3 Nc6 3.g3 g6 4.Bg2 Bg7 5.Nf3 d6 6.O-O e6 7.c3 Nf6 8.Re1 O-O 9.d4 Qc7
10.e5 dxe5 11.Nxe5 cxd4 12.Nxc6 bxc6 13.Qxd4 Nd5 14.Qh4 Rb8 15.Na3 Ba6 16.Nc2 Qa5
17.Nd4 Rfc8 18.Bh6 Bxh6 19.Qxh6 Rxb2 20.Bh3 Qxc3 21.Nxe6 Qf6 22.f4 Rcb8 23.Ng5 Qd4+
24.Kh1 Nf6 25.Bg2 Rxg2  0-1

[Event "Dutch Open"]
[Site "Dieren NED"]
[Date "2001.07.23"]
[Round "6"]
[White "Odendahl,R"]
[Black "Tiviakov,S"]
[Result "1-0"]
[WhiteElo "2365"]
[BlackElo "2618"]

1.g3 Nf6 2.Bg2 d5 3.Nf3 e6 4.O-O Be7 5.c4 O-O 6.d4 c6 7.Qc2 Nbd7 8.Rd1 b6
9.b3 Bb7 10.Nc3 Rc8 11.e4 Ba6 12.Bf4 dxc4 13.Nd2 c5 14.d5 exd5 15.e5 d4 16.exf6 Bxf6
17.Nce4 c3 18.Nc4 Be7 19.Nxc3 g5 20.Qf5 gxf4 21.Nd5 Re8 22.Be4 Nf6 23.Qg5+ Kh8
24.Ne5 Rf8 25.Nxf6 Bb7 26.Bf5 Qd5 27.Nxd5 Bxg5 28.Bxc8 Bxd5 29.Ba6 fxg3 30.hxg3 f6
31.Nd3  1-0

[Event "Dutch Open"]
[Site "Dieren NED"]
[Date "2001.07.24"]
[Round "7"]
[White "Tiviakov,S"]
[Black "Markus,J"]
[Result "1-0"]
[WhiteElo "2618"]
[BlackElo "2269"]

1.e4 e5 2.Nf3 Nc6 3.Bb5 a6 4.Ba4 Nf6 5.Qe2 b5 6.Bb3 Bc5 7.d3 O-O 8.Bg5 h6
9.Bh4 g5 10.Bg3 d6 11.c3 Bg4 12.h3 Be6 13.Nbd2 Bb6 14.Nh2 Bxb3 15.axb3 Kg7
16.h4 Rh8 17.Ndf1 a5 18.Ne3 Bxe3 19.fxe3 Ne7 20.O-O Ng6 21.h5 Nf8 22.d4 N8d7
23.dxe5 dxe5 24.Qxb5 Re8 25.Rad1 Re6 26.Rxf6 Kxf6 27.Rxd7 Qe8 28.Bxe5+  1-0

[Event "Dutch Open"]
[Site "Dieren NED"]
[Date "2001.07.25"]
[Round "8"]
[White "Vink,N"]
[Black "Tiviakov,S"]
[Result "0-1"]
[WhiteElo "2281"]
[BlackElo "2618"]

1.e4 c5 2.Nf3 d6 3.d4 cxd4 4.Nxd4 Nf6 5.Nc3 g6 6.Be2 Bg7 7.O-O Nc6 8.Nb3 O-O
9.Be3 Be6 10.f4 Qc8 11.Kh1 Bg4 12.Bg1 Rb8 13.Bf3 b5 14.a3 a5 15.a4 b4 16.Nb5 Bxf3
17.Qxf3 Qe6 18.Rfe1 Rfc8 19.Nd2 Ne8 20.Rab1 Nc7 21.Qd3 Nxb5 22.axb5 Nd8 23.Rec1 Nb7
24.c4 a4 25.e5 Rd8 26.Qf3 Rd7 27.Ne4 h6 28.exd6 exd6 29.Nd2 Rc8 30.Re1 Qf5
31.Nf1 Qh5 32.g4 Qh4 33.Ne3 Na5 34.Rec1 Kh7 35.Bf2 Qd8 36.Nd5 Nxc4 37.Qe2 Nxb2
38.Re1 a3 39.Nb6 Rb8 40.Nxd7 Qxd7 41.b6 Qc6+ 42.Kg1 Rxb6 43.f5 Rb5 44.Rbc1 Qd7
45.Qf3 Qb7 46.Qb3 gxf5 47.g5 Qd5 48.g6+ Kxg6 49.Qg3+ Kh7 50.h4 f4 51.Qg4 Qf5  0-1

[Event "Dutch Open"]
[Site "Dieren NED"]
[Date "2001.07.26"]
[Round "9"]
[White "Tiviakov,S"]
[Black "Stellwagen,D"]
[Result "1/2-1/2"]
[WhiteElo "2618"]
[BlackElo "2337"]

1.e4 e6 2.d4 d5 3.Nd2 Nf6 4.e5 Nfd7 5.c3 c5 6.Bd3 Nc6 7.Ne2 cxd4 8.cxd4 f6
9.exf6 Nxf6 10.O-O Bd6 11.Nf3 O-O 12.Bf4 Bxf4 13.Nxf4 Ne4 14.Ne2 Rxf3 15.gxf3 Ng5
16.Kh1 e5 17.dxe5 Nxf3 18.Ng1 Nfxe5 19.Bc2 Ng4 20.Qd3 Nf6 21.a3 Bg4 22.Rae1 Qc7
23.Qg3 Qxg3 24.hxg3 Rd8 25.Kg2 d4 26.Bd3 Nd7 27.f4 Nc5 28.Bc4+ Kf8 29.b4 Na4
30.Nf3 Nb2 31.Nd2 d3 32.Ba2 Nd4 33.Re5 Rc8 34.Bb1 Be2 35.Rh1 Nc4 36.Rxh7 Kg8
37.Nxc4 Rxc4 38.Rh1 Bf3+ 39.Kf2 Bxh1 40.Ba2 b5 41.Rxb5 Bd5 42.Rxd5 Rc2+ 43.Ke3 Rxa2
44.Rxd4 d2 45.Rxd2 Rxa3+ 46.Rd3 Ra4 47.Rb3 Kf7 48.Kf3 Kf6 49.g4 g6 50.Kg3 Kg7
51.Rb1 Kf6 52.Kh4 g5+ 53.fxg5+ Kg6 54.b5 Ra5 55.b6 axb6 56.Rxb6+ Kg7 57.Kh5 Ra7
58.Rg6+ Kh7 59.Rf6 Kg7 60.Re6 Rb7 61.Re5 Ra7 62.g6 Ra1 63.Re7+ Kg8 64.Kg5 Rb1
65.Ra7 Rc1 66.Ra5 Kg7 67.Rf5 Ra1 68.Rf7+ Kg8 69.Rd7 Rb1 70.Rh7 Ra1 71.Rh2 Kg7
72.Rf2 Ra5+ 73.Rf5 Ra1 74.Re5 Rb1 75.Re7+ Kg8 76.g7 Rb6 77.Kf5 Ra6 78.g5 Ra5+
79.Kg6 Ra6+ 80.Kh5 Rb6 81.Ra7 Rc6 82.Rd7 Ra6 83.Re7 Rb6 84.Kg4 Rb4+ 85.Kf5 Rb5+
86.Kg6 Rb6+ 87.Kh5 Ra6 88.Rd7 Rb6 89.g6 Rb1 90.Rd8+ Kxg7 91.Rd7+ Kg8  1/2-1/2

[Event "Staunton CC Albin Theme Invitational"]
[Site "Groningen NED"]
[Date "2001.09.07"]
[Round "1"]
[White "Tiviakov,S"]
[Black "Brenninkmeijer,J"]
[Result "1-0"]
[WhiteElo "2618"]
[BlackElo "2499"]

1.d4 d5 2.c4 e5 3.dxe5 d4 4.Nf3 Nc6 5.g3 Be6 6.Nbd2 Qd7 7.Bg2 Be7 8.Qa4 h5
9.Nb3 Rd8 10.O-O h4 11.Bf4 hxg3 12.fxg3 Bh3 13.Bxh3 Rxh3 14.Rad1 Nh6 15.Nbxd4 Nxd4
16.Qxd7+ Rxd7 17.Nxd4 Ng4 18.Nf3 g5 19.Rxd7 Kxd7 20.Rd1+ Ke8 21.Bxg5 Bxg5
22.Nxg5 Rh6 23.Nf3 Ra6 24.a3 Ra4 25.Rc1 Ne3 26.Nd2 Ng4 27.e6 fxe6 28.Rc3 Ke7
29.h3 Ne5 30.Kf2 b6 31.Nf3 Nxc4 32.b3 Nd6 33.Rxc7+ Kd8 34.Rc6  1-0

[Event "Staunton CC Albin Theme Invitational"]
[Site "Groningen NED"]
[Date "2001.09.08"]
[Round "2"]
[White "Van der Wiel,J"]
[Black "Tiviakov,S"]
[Result "1-0"]
[WhiteElo "2498"]
[BlackElo "2618"]

1.d4 d5 2.c4 e5 3.dxe5 d4 4.Nf3 Nc6 5.g3 Bg4 6.Bg2 Qd7 7.O-O O-O-O 8.Nbd2 h5
9.b4 Nxb4 10.a3 Na6 11.Nb3 d3 12.Be3 Ne7 13.Na5 b6 14.e6 Qd6 15.Ng5 dxe2
16.Qa4 exf1=Q+ 17.Rxf1 fxe6 18.Nb7 Qd3 19.Qxa6  1-0

[Event "Staunton CC Albin Theme Invitational"]
[Site "Groningen NED"]
[Date "2001.09.08"]
[Round "3"]
[White "Tiviakov,S"]
[Black "Ligterink,G"]
[Result "1-0"]
[WhiteElo "2618"]
[BlackElo "2391"]

1.d4 d5 2.c4 e5 3.dxe5 d4 4.Nf3 Nc6 5.g3 Nge7 6.Bg2 Ng6 7.Bf4 Nxf4 8.gxf4 f6
9.Nbd2 fxe5 10.fxe5 Bf5 11.Qb3 Bb4 12.a3 Bxd2+ 13.Nxd2 Qg5 14.Rg1 O-O-O 15.Qxb7+ Kxb7
16.Bxc6+ Kxc6 17.Rxg5 g6 18.O-O-O Rhe8 19.f4 Kb6 20.b4 a5 21.Kb2 axb4 22.axb4 c5
23.Nb3 cxb4 24.Rg3 Rd7 25.Rxd4 Rxd4 26.Nxd4 Kc5 27.Nxf5 gxf5 28.Kb3 Ra8 29.e6 Ra6
30.Rd3 Rxe6 31.Rd5+ Kc6 32.Rxf5 Rxe2 33.Rh5  1-0

[Event "10th Monarch Assurance"]
[Site "Port Erin IOM"]
[Date "2001.10.02"]
[Round "4"]
[White "Yakovich,Y"]
[Black "Tiviakov,S"]
[Result "1/2-1/2"]
[WhiteElo "2577"]
[BlackElo "2618"]

1.e4 c5 2.Nf3 Nc6 3.d4 cxd4 4.Nxd4 g6 5.Nc3 Bg7 6.Be3 Nf6 7.Bc4 O-O 8.Bb3 a5
9.f3 d5 10.Bxd5 Nxd5 11.exd5 Nb4 12.Nde2 Bf5 13.Rc1 b5 14.a3 Nxc2+ 15.Rxc2 Bxc2
16.Qxc2 b4 17.Na4 Qxd5 18.Nb6 Qe6 19.Kf2 Rab8 20.Nf4 Qa2 21.axb4 axb4 22.Qb1 b3
23.Qxa2 bxa2 24.Ra1 Rfc8 25.Rxa2 Rc2+ 26.Kg3 Rxb2 27.Ra6 e6 28.Nd7 Rd8 29.Ra7 Rb3
30.Bc5 Re8 31.Bd6 Rb5 32.Nc5 Bd4 33.Rc7 Ra8 34.Nfd3 Rba5 35.h4 R5a7 36.Rc6 Kg7
37.Ne4 Rd8 38.Rc4 Ba1 39.Be5+ Bxe5+ 40.Nxe5 Rd5 41.f4 h5 42.Rb4 Re7 43.Rb6 Ra7
44.Nd6 Re7 45.Ra6 Rd4 46.Kf3 f6 47.Nec4 e5 48.fxe5 fxe5 49.g3 e4+ 50.Ke2 Rd3
51.Ne3 Rb3 52.Ndc4 Rb5 53.Ra2 Rc5 54.Nd6 Re6 55.Rd2 Rc6 56.Ndc4 Re7 57.Rd4 Ra6
58.Nd5 Rd7 59.Ke3 Ra1 60.Kxe4 Rf1 61.Nce3 Rf2 62.Rd3 Rd8 63.Nc4 Re8+ 64.Kd4 Ref8
65.Ne5 R8f5 66.Ra3 Kh6 67.Ne3 Rf6 68.Ra8 Rd2+ 69.Ke4 Re6 70.Ra5 Rd7 71.Nd5 Rdd6
72.Ra7 Ra6 73.Rb7 Ra4+ 74.Nb4 Ra5 75.Nd3  1/2-1/2

[Event "2 Bundesliga West 2001-2"]
[Site "Emsdetten GER"]
[Date "2002.02.03"]
[Round "5"]
[White "Tiviakov,S"]
[Black "Volokitin,A"]
[Result "1/2-1/2"]
[WhiteElo "2614"]
[BlackElo "2586"]

1.e4 c5 2.Nf3 d6 3.d4 cxd4 4.Nxd4 Nf6 5.Nc3 a6 6.Be3 Nc6 7.Be2 e6 8.O-O Be7
9.f4 O-O 10.a4 Qc7 11.Kh1 Re8 12.Bf3 Rb8 13.Bf2 Nxd4 14.Qxd4 e5 15.Qb6 Qxb6
16.Bxb6 exf4 17.Bc7 Ra8 18.Rad1 Be6 19.e5 dxe5 20.Bxe5 Bg4 21.Bxf4 Bxf3 22.Rxf3 Bb4  1/2-1/2

[Event "Golden Cleopatra"]
[Site "Cairo EGY"]
[Date "2002.04.07"]
[Round "1"]
[White "Tiviakov,S"]
[Black "Abel Naby,A"]
[Result "1-0"]
[WhiteElo "2614"]
[BlackElo "2136"]

1.e4 c6 2.d4 d5 3.Nd2 e6 4.Ngf3 dxe4 5.Nxe4 Nf6 6.Nxf6+ Qxf6 7.Bd3 h6 8.O-O Bd6
9.Qe2 Nd7 10.b3 O-O 11.Bb2 Re8 12.Ne5 Qh4 13.g3 Qh3 14.Be4 Nf6 15.Bf3 Qf5
16.c4 Rd8 17.Bg2 Bd7 18.f4 h5 19.Rad1 Rab8 20.h3 Be8 21.g4 hxg4 22.hxg4 Qh7
23.Rd3 Bxe5 24.fxe5 Nd7 25.Rh3 Qg6 26.Be4 Qg5 27.Bc1 Qe7 28.Rh8+  1-0

[Event "Golden Cleopatra"]
[Site "Cairo EGY"]
[Date "2002.04.08"]
[Round "2"]
[White "Amin,A"]
[Black "Tiviakov,S"]
[Result "0-1"]
[WhiteElo "2251"]
[BlackElo "2614"]

1.c4 e5 2.Nc3 Nf6 3.Nf3 Nc6 4.e3 Bb4 5.Nd5 e4 6.Ng1 O-O 7.a3 Bd6 8.Ne2 Nxd5
9.cxd5 Ne5 10.Ng3 f5 11.d3 exd3 12.Bxd3 Nxd3+ 13.Qxd3 Qf6 14.O-O b6 15.Bd2 a5
16.Bc3 Qg6 17.Rfe1 Ba6 18.Qd1 f4 19.exf4 Rxf4 20.Qh5 Bc5 21.Qxg6 Bxf2+ 22.Kh1 hxg6
23.Re7 Rf7 24.Rxf7 Kxf7 25.Ne4 Bh4 26.g3 Be7 27.h4 Bb7 28.Rd1 Rd8 29.Ng5+ Kg8
30.Kg2 Bd6 31.Nh3 Rf8 32.g4 Re8 33.Kf3 Ba6 34.Re1 Rf8+ 35.Ke4 Bg3 36.Rh1 Be2
37.Rg1 Re8+  0-1

[Event "Golden Cleopatra"]
[Site "Cairo EGY"]
[Date "2002.04.10"]
[Round "4"]
[White "Kopylov,M"]
[Black "Tiviakov,S"]
[Result "1/2-1/2"]
[WhiteElo "2418"]
[BlackElo "2614"]

1.d4 Nf6 2.Nf3 e6 3.g3 b6 4.Bg2 Bb7 5.O-O Be7 6.c4 O-O 7.Nc3 Na6 8.a3 Ne4
9.Qc2 Nxc3 10.Qxc3 c5 11.Rd1 Qc7 12.Bf4 d6 13.dxc5 Nxc5 14.Rac1  1/2-1/2

[Event "Golden Cleopatra"]
[Site "Cairo EGY"]
[Date "2002.04.11"]
[Round "5"]
[White "Tiviakov,S"]
[Black "Tissir,M"]
[Result "1-0"]
[WhiteElo "2614"]
[BlackElo "2368"]

1.e4 c5 2.Nf3 Nc6 3.d4 cxd4 4.Nxd4 Nf6 5.Nc3 e5 6.Ndb5 d6 7.Bg5 a6 8.Na3 b5
9.Nd5 Be7 10.Bxf6 Bxf6 11.c3 O-O 12.Nc2 Bg5 13.Be2 Rb8 14.Qd3 Kh8 15.O-O Be6
16.Rfd1 f5 17.Bf3 b4 18.Qxa6 bxc3 19.bxc3 Bxd5 20.Rxd5 Rb6 21.Qa3 Ne7 22.Rd3 fxe4
23.Bxe4 d5 24.Bxd5 Rbf6 25.Be4 Qb6 26.Rf3 Rxf3 27.gxf3 Qf6 28.Ne3 Bf4 29.Rd1 Qg5+
30.Ng2 Rg8 31.h4 Qf6 32.Qd6 Qf7 33.Nxf4 exf4 34.a4  1-0

[Event "Golden Cleopatra"]
[Site "Cairo EGY"]
[Date "2002.04.14"]
[Round "8"]
[White "Blehm,P"]
[Black "Tiviakov,S"]
[Result "1-0"]
[WhiteElo "2535"]
[BlackElo "2614"]

1.e4 c5 2.Nf3 Nc6 3.d4 cxd4 4.Nxd4 g6 5.c4 Nf6 6.Nc3 d6 7.f3 Bg7 8.Be3 O-O
9.Be2 Nxd4 10.Bxd4 Be6 11.O-O Qa5 12.Kh1 a6 13.b3 Rfc8 14.f4 Qd8 15.Qd3 Bd7
16.Rad1 b5 17.e5 bxc4 18.Qg3 Ne8 19.Bxc4 Bb5 20.Nxb5 axb5 21.Bd5 Rxa2 22.f5 gxf5
23.Rxf5 e6 24.Rxf7 Kxf7 25.Rf1+ Bf6 26.exf6 exd5 27.Qh3 Nxf6 28.Qh5+ Kf8
29.Bxf6 Rf2 30.Qh6+  1-0

[Event "Golden Cleopatra"]
[Site "Cairo EGY"]
[Date "2002.04.15"]
[Round "9"]
[White "Tiviakov,S"]
[Black "Ezat,M"]
[Result "1-0"]
[WhiteElo "2614"]
[BlackElo "2309"]

1.e4 c6 2.d4 d5 3.Nd2 dxe4 4.Nxe4 Nd7 5.Nf3 Ngf6 6.Ng3 g6 7.Bc4 Bg7 8.O-O O-O
9.c3 c5 10.Re1 Nb6 11.Bb3 c4 12.Bc2 Nbd5 13.a4 Bg4 14.h3 Bxf3 15.Qxf3 e6
16.h4 h5 17.Bg5 Qc7 18.Ne4 Ng4 19.Qg3 Qxg3 20.Nxg3 Nh6 21.Be4 Rfe8 22.Re2 Kf8
23.Rae1 Ng8 24.Nf1 Bf6 25.Ne3 Nxe3 26.Bxe3 Re7 27.d5 exd5 28.Bxd5 Rc8 29.Bxa7 Rd7
30.Bf3 b5 31.Be3 bxa4 32.Ra1 Ne7 33.Rxa4 Bxh4 34.Bh6+ Kg8 35.Re4 Nf5 36.Raxc4 Rxc4
37.Rxc4 Bf6 38.Bc1 Nh4 39.Be3 Nf5 40.Bc5 Rd2 41.b4 Rc2 42.Be4 Rc1+ 43.Kh2 Nh6
44.Bf3 h4 45.Bd6 Bxc3 46.Rc6 Bxb4 47.Bxb4 Ng4+ 48.Kh3 Nxf2+ 49.Kxh4 Rxc6
50.Bxc6 Nd3 51.Bd6 Nb2 52.Bb5 Nd1 53.Bc5 Nc3 54.Bc6 Ne2 55.Kg4 Nc1 56.Bb5 Nb3
57.Bb6  1-0

[Event "24th Politiken Cup"]
[Site "Copenhagen DEN"]
[Date "2002.07.15"]
[Round "1"]
[White "Skovgaard,T"]
[Black "Tiviakov,S"]
[Result "0-1"]
[WhiteElo "2074"]
[BlackElo "2628"]

1.e4 c5 2.Nf3 d6 3.d4 cxd4 4.Nxd4 Nf6 5.Nc3 g6 6.Be3 Bg7 7.h3 Nc6 8.Bc4 O-O
9.Bb3 Bd7 10.O-O Rc8 11.f4 a6 12.Qd3 Qc7 13.a4 Na5 14.Rf2 Rfd8 15.f5 Nc4
16.Bc1 Qc5 17.Nce2 d5 18.exd5 Nxd5 19.c3 b5 20.fxg6 hxg6 21.axb5 axb5 22.Qf3 Rf8
23.Nc2 e5 24.Ng3 f5 25.Ra6 Rc6 26.Bxc4 bxc4 27.Nb4 Rxa6 28.Nxa6 Qb5 29.Qd1 Be6
30.Nb4 Nxb4 31.cxb4 Qxb4 32.Bg5 e4 33.Ne2 Qc5 34.Nf4 Bf7 35.Kf1 Qb5 36.Kg1 Bxb2
37.Rd2 c3 38.Rd8 Ba3 39.Rxf8+ Bxf8 40.Bf6 Qb6+ 41.Bd4 c2  0-1

[Event "24th Politiken Cup"]
[Site "Copenhagen DEN"]
[Date "2002.07.16"]
[Round "2"]
[White "Tiviakov,S"]
[Black "Hagen,A"]
[Result "1-0"]
[WhiteElo "2628"]
[BlackElo "2185"]

1.e4 e6 2.d4 d5 3.Nd2 Nf6 4.e5 Nfd7 5.c3 c5 6.Bd3 Nc6 7.Ne2 Qb6 8.Nf3 cxd4
9.cxd4 f6 10.exf6 Nxf6 11.O-O Bd6 12.b3 O-O 13.Bb2 Bd7 14.Nc3 Be8 15.Qe2 Bf7
16.Na4 Qc7 17.Ne5 Bh5 18.Qe3 Ng4 19.Qh3 Bxe5 20.dxe5 Ngxe5 21.Bxh7+ Kxh7
22.Qxh5+ Kg8 23.Nc5 Rae8 24.Rae1 b6 25.Na6 Qc8 26.Rxe5 Qxa6 27.Rg5 d4 28.Rc1 Qxa2
29.Qe2 Nb4 30.Qe5 Rf7 31.Bxd4  1-0

[Event "24th Politiken Cup"]
[Site "Copenhagen DEN"]
[Date "2002.07.17"]
[Round "3"]
[White "Nilssen,J"]
[Black "Tiviakov,S"]
[Result "1/2-1/2"]
[WhiteElo "2363"]
[BlackElo "2628"]

1.d4 Nf6 2.c4 e6 3.Nc3 Bb4 4.g3 c5 5.Nf3 cxd4 6.Nxd4 O-O 7.Bg2 d5 8.cxd5 Nxd5
9.Qb3 Na6 10.O-O Nxc3 11.bxc3 Be7 12.Rd1 Nc5 13.Qc4 e5 14.Ba3 Qa5 15.Bxc5 Qxc5
16.Qxc5 Bxc5 17.Nb5 a6 18.Nd6 Ra7 19.Nxc8 Rxc8 20.Rd7 b5 21.Rxa7 Bxa7 22.Rd1 Kf8  1/2-1/2

[Event "24th Politiken Cup"]
[Site "Copenhagen DEN"]
[Date "2002.07.18"]
[Round "4"]
[White "Tiviakov,S"]
[Black "Pert,R"]
[Result "1-0"]
[WhiteElo "2628"]
[BlackElo "2357"]

1.e4 c5 2.Nf3 Nc6 3.d4 cxd4 4.Nxd4 g6 5.Nc3 Bg7 6.Be3 Nf6 7.Bc4 O-O 8.Bb3 d6
9.f3 Bd7 10.Qd2 Ne5 11.O-O-O b5 12.Ndxb5 Qb8 13.a4 a6 14.Na3 Rc8 15.Kb1 Qb7
16.Bd4 Rab8 17.Nd5 Nxd5 18.exd5 Bf5 19.Ka1 h5 20.Rhe1 Bf6 21.Re2 Rc7 22.Qe3 Qc8
23.h3 h4 24.Ka2 Rcb7 25.f4 Nd7 26.Bxf6 Nxf6 27.Qf2 Be4 28.Red2 Qf5 29.Qxh4 Bxc2
30.Bxc2 Rxb2+ 31.Ka1 Qc8 32.Qg3 Qc5 33.Rb1 R8b3 34.Qxb3 Rxb3 35.Rxb3 Nxd5
36.g3 Nb6 37.Ka2 Kg7 38.Rbd3 d5 39.Bb3 e6 40.g4 Qb4 41.Rd4 Qc3 42.R2d3 Qe1
43.Nc2 Qf2 44.Rc3 Nd7 45.g5 Kf8 46.a5 Ke7 47.Ba4 Kd8 48.Rc6 Nb8 49.Rb6  1-0

[Event "24th Politiken Cup"]
[Site "Copenhagen DEN"]
[Date "2002.07.20"]
[Round "6"]
[White "Tiviakov,S"]
[Black "Hoi,C"]
[Result "1-0"]
[WhiteElo "2628"]
[BlackElo "2419"]

1.e4 d6 2.d4 Nf6 3.Nc3 g6 4.Bg5 c6 5.Qd2 b5 6.Bd3 h6 7.Bh4 g5 8.Bg3 Nh5 9.Nce2 Bg7
10.c3 Nd7 11.f4 gxf4 12.Nxf4 Nxf4 13.Bxf4 e5 14.Be3 Qh4+ 15.Kd1 b4 16.Nf3 Qh5
17.h3 exd4 18.cxd4 Qa5 19.Rf1 Nb6 20.Ke1 c5 21.b3 d5 22.Rc1 c4 23.bxc4 dxc4
24.Bxc4 Nxc4 25.Rxc4 Ba6 26.Rxb4 O-O 27.Rf2 f5 28.Rb3 Qxd2+ 29.Nxd2 fxe4
30.Nxe4 Rfd8 31.Nf6+ Kh8 32.Rf4 Bc4 33.Rb2 Rab8 34.Rc2 Rb1+ 35.Kd2 Bf7 36.Ke2 Bg6
37.Rd2 Rf8 38.Ng4 Re8 39.Kf2 h5 40.Ne5 Bh7 41.Rh4 Rf8+ 42.Nf3 Rb5 43.d5 Kg8
44.Rxh5 a5 45.Rg5 Kh8 46.d6  1-0

[Event "6th HZ Open"]
[Site "Vlissingen NED"]
[Date "2002.08.05"]
[Round "2"]
[White "Tiviakov,S"]
[Black "Schmitz,A"]
[Result "1-0"]
[WhiteElo "2628"]
[BlackElo "2139"]

1.e4 e6 2.d4 d5 3.Nd2 Nf6 4.e5 Nfd7 5.c3 c5 6.Bd3 Nc6 7.Ne2 Qb6 8.Nf3 cxd4
9.cxd4 f6 10.exf6 Nxf6 11.O-O Bd6 12.b3 e5 13.dxe5 Nxe5 14.Nf4 Bg4 15.Be2 Nxf3+
16.Bxf3 Bxf3 17.Qxf3 Bxf4 18.Re1+ Kf7 19.Qxf4 Rhe8 20.Be3 Qe6 21.Qb4 Qd7
22.Rad1 a5 23.Qd2 a4 24.b4 b5 25.f3 Re6 26.Bd4 Rxe1+ 27.Rxe1 Re8 28.Rd1 Qe6
29.Kf1 Qc6 30.Rc1 Qd6 31.Kg1 Nd7 32.Qg5 Ne5 33.f4 Ng6 34.f5 Ne5 35.Qh5+  1-0

[Event "6th HZ Open"]
[Site "Vlissingen NED"]
[Date "2002.08.05"]
[Round "3"]
[White "Van Beek,A"]
[Black "Tiviakov,S"]
[Result "0-1"]
[WhiteElo "2259"]
[BlackElo "2628"]

1.Nf3 Nf6 2.c4 b6 3.g3 Bb7 4.Bg2 e6 5.O-O Be7 6.b3 O-O 7.Bb2 d5 8.d4 Nbd7
9.Nc3 Rc8 10.Ne5 c6 11.e4 dxc4 12.Nxc4 b5 13.Ne3 Qb6 14.d5 Bc5 15.dxe6 fxe6
16.Qe2 Ba6 17.Ncd1 e5 18.Qc2 Kh8 19.Re1 Bd4 20.Bh3 c5 21.a4 b4 22.Bf1 Bb7
23.Bg2 Qe6 24.Kh1 Ng4 25.Nxg4 Qxg4 26.Ne3 Qe6 27.Rac1 Ba6 28.Bf1 Bxf1 29.Rxf1 Bxe3
30.fxe3 Kg8 31.Qc4 Qxc4 32.bxc4 Rxf1+ 33.Rxf1 Nb6 34.Rc1 Nxa4 35.Bxe5 b3
36.Rb1 b2 37.Kg2 Re8 38.Bd6 Rxe4  0-1

[Event "6th HZ Open"]
[Site "Vlissingen NED"]
[Date "2002.08.06"]
[Round "4"]
[White "Tiviakov,S"]
[Black "Kasparov,S"]
[Result "1/2-1/2"]
[WhiteElo "2628"]
[BlackElo "2457"]

1.e4 c6 2.d4 d5 3.Nc3 dxe4 4.Nxe4 Bf5 5.Ng3 Bg6 6.Bc4 e6 7.N1e2 Nf6 8.Nf4 Bd6
9.Bb3 Qc7 10.Qf3 Nbd7 11.O-O Nd5 12.Nxg6 hxg6 13.h3 N5f6 14.c3 a5 15.Re1 O-O
16.Ne4 Nxe4 17.Qxe4 Nf6 18.Qf3 a4 19.Bc2 c5 20.dxc5 Bxc5 21.a3 Rfd8 22.Bg5 Rd5
23.h4 Nh7 24.Bf4 Qb6 25.Rab1 Qa7 26.Re4 Qb6 27.Rxa4 Rxa4 28.Bxa4 Rf5 29.Bc2 Bxf2+
30.Qxf2 Qxf2+ 31.Kxf2 Rxf4+ 32.Kg3 Rc4 33.Rd1 Nf6 34.Rd8+ Kh7 35.Rd4 Rc7
36.Kf3 Nd7 37.Ke2 Kh6 38.Rb4 g5 39.Be4 b6 40.hxg5+ Kxg5 41.Bc2 f5 42.Ba4 Nc5
43.Bc2 Nd7 44.Ba4  1/2-1/2

[Event "6th HZ Open"]
[Site "Vlissingen NED"]
[Date "2002.08.07"]
[Round "5"]
[White "Volke,K"]
[Black "Tiviakov,S"]
[Result "1/2-1/2"]
[WhiteElo "2450"]
[BlackElo "2628"]

1.c4 e5 2.g3 Nf6 3.Bg2 d5 4.cxd5 Nxd5 5.Nf3 Nc6 6.O-O Nb6 7.d3 Be7 8.Nbd2 O-O
9.a3 a5 10.b3 Re8 11.Bb2 Bf8 12.Rc1 f6 13.Ne4 Qe7 14.Nc5 Qf7 15.Nd2 Nd8 16.e3 Nd7
17.Na4 c6 18.d4 b5  1/2-1/2

[Event "6th HZ Open"]
[Site "Vlissingen NED"]
[Date "2002.08.09"]
[Round "7"]
[White "Roeder,M"]
[Black "Tiviakov,S"]
[Result "0-1"]
[WhiteElo "2485"]
[BlackElo "2628"]

1.Nf3 Nf6 2.c4 b6 3.g3 Bb7 4.Bg2 e6 5.b3 Be7 6.Bb2 O-O 7.O-O d5 8.e3 c5 9.Qe2 Nc6
10.d3 dxc4 11.bxc4 Qc7 12.Nc3 Rfd8 13.Rfd1 a6 14.Rab1 Rab8 15.Ba1 Na7 16.a4 Nc6
17.Ne1 Nb4 18.f4 Bxg2 19.Qxg2 Ne8 20.Rd2 Nd6 21.e4 Nc8 22.Rbd1 Na7 23.Nf3 b5
24.axb5 axb5 25.h4 Nbc6 26.Nxb5 Nxb5 27.cxb5 Rxb5 28.h5 h6 29.Qh3 Bf8 30.Qg4 Rb3
31.Kg2 Qb7 32.Kh3 Nb4 33.Ne5 c4 34.Nxc4 Rdxd3 35.Rxd3 Nxd3 36.Rf1 Rb1 37.Rxb1 Qxb1
38.Qe2 Qh1+ 39.Kg4 g6 40.hxg6 fxg6  0-1